Entry Personal Name
Number of records used in: 1
001 - CONTROL NUMBER
003 - CONTROL NUMBER IDENTIFIER
005 - DATE AND TIME OF LATEST TRANSACTION
- control field:
20230929162921.0
008 - FIXED-LENGTH DATA ELEMENTS
- fixed length control field:
781204n| azannaabn |a aaa
010 ## - LIBRARY OF CONGRESS CONTROL NUMBER
- LC control number:
n 78090550
035 ## - SYSTEM CONTROL NUMBER
- System control number:
(OCoLC)oca00225691
040 ## - CATALOGING SOURCE
- Original cataloging agency:
DLC
- Language of cataloging:
eng
- Description conventions:
rda
- Transcribing agency:
DLC
- Modifying agency:
DLC
- Modifying agency:
IEN
- Modifying agency:
OCoLC
046 ## - SPECIAL CODED DATES
- Birth date:
1927-03-22
- Death date:
2012-03-16
- Source of date scheme:
edtf
100 1# - HEADING--PERSONAL NAME
- Personal name:
Lial, Margaret L.
370 ## - ASSOCIATED PLACE
- Place of birth:
Sacramento (Calif.)
- Associated country:
United States
- Source of term:
naf
373 ## - ASSOCIATED GROUP
- Associated group:
American River College
- Source of term:
naf
374 ## - OCCUPATION
- Occupation:
Mathematicians
- Occupation:
Mathematics teachers
- Source of term:
lcsh
377 ## - ASSOCIATED LANGUAGE
378 ## - FULLER FORM OF PERSONAL NAME
- Fuller form of personal name:
Margaret Louise
400 1# - SEE FROM TRACING--PERSONAL NAME
- Personal name:
Bezzone, Margaret Louise
670 ## - SOURCE DATA FOUND
- Source citation:
Her Beginning algebra, 1971.
670 ## - SOURCE DATA FOUND
- Source citation:
A graphical approach to college algebra and trigonometry, c2007:
- Information found:
CIP t.p. (Margaret Lial)
670 ## - SOURCE DATA FOUND
- Source citation:
Sacramento bee WWW site, Mar. 21, 2012
- Information found:
(Margaret L. Lial; b. Margaret Louise Bezzone, Mar. 22, 1927, Sacramento; m. Ed Lial; d. Mar. 16, 2012; ret. American River College math prof.)